Logo BPK

Biblioteka

Politechniki Koszalińskiej

Vom Mittelalter bis zur Gegenwart : (Rekord nr 49413)

Szczegóły MARC
000 -ETYKIETA REKORDU
podpole kontrolne o stałej długości 00892nam a2200253 i 4500
001 - NUMER KONTROLNY REKORDU
pole kontrolne bgj
020 ## - MIĘDZYNARODOWY ZNORMALIZOWANY NUMER KSIĄŻKI - ISBN
ISBN 3825214648
040 ## - ŹRÓDŁO KATALOGOWANIA
Instytucja, która utworzyła rekord BPK
041 0# - KOD JĘZYKA
Kod języka tekstu ger
920 ## - Międzynarodowy znormalizowany numer książki – ISBN
ISBN 3-8252-1464-8
008 - POLE O STAŁEJ DŁUGOŚCI - DANE KONTROLNE
podpole kontrolne o stałej długości s gw f |000 0 ger
245 00 - TYTUŁ/ODPOWIEDZIALNOŚĆ
Tytuł Vom Mittelalter bis zur Gegenwart :
Ciąg dalszy tytułu Kontinuität und Veränderung.
Oznaczenie części/sekcji dzieła Band 2,
Tytuł części/sekcji dzieła Von der Aufklärung bis zum Vormärz /
Pozostałe elementy strefy tytułu i oznaczenia odpowiedzialności Hrsg. von Ehrhard Bahr ; Unter Mitarbeit von Wulf Köpke [et al.].
260 ## - STREFA ADRESU WYDAWNICZEGO
Miejsce wydania Tübingen :
Nazwa wydawcy/dystrybutora A. Francke Verlag,
Data publikacji, dystrybucji/powstania dokumentu 1998
Miejsce wydania Basel.
300 ## - STREFA OPISU FIZYCZNEGO
Objętość 556 S. ;
Rozmiary 19 cm.
490 1# - STREFA SERII I DOKUMENTU WIELOCZĘŚCIOWEGO - FORMA NIE DO WYSZUKIWANIA
Tytuł i oznaczenie odpowiedzialności serii UTB für Wissenschaft. Uni-Taschenbücher ;
Numeracja w obrębie serii 1464
504 ## - UWAGA DOTYCZĄCA BIBLIOGRAFII
Informacje o bibliografii Bibliographie S. 531-535.
505 ## - SFORMALIZOWANA UWAGA DOTYCZĄCA ZAWARTOŚCI
Pełny tekst uwagi Register.
650 #9 - HASŁO PRZEDMIOTOWE W FORMIE NAZWY OGÓLNEJ LUB JEDNOSTKOWEJ
Nazwa ogólna lub geograficzna Deutsche Literaturgeschichte
700 1# - HASŁO DODATKOWE - NAZWA OSOBOWA
Nazwa osobowa BAHR, Erhard.
Określenie związku między hasłem a opisywanym materiałem Hrsg.
700 1# - HASŁO DODATKOWE - NAZWA OSOBOWA
Nazwa osobowa Köpke, Wulf.
830 #0 - HASŁO DODATKOWE SERII LUB DOKUMENTU WIELOCZĘŚCIOWEGO - TYTUŁ UJEDNOLICONY
Tytuł ujednolicony UTB für Wissenschaft.
Nazwa części/sekcji dzieła Uni-Taschenbücher
830 ## - HASŁO DODATKOWE SERII LUB DOKUMENTU WIELOCZĘŚCIOWEGO - TYTUŁ UJEDNOLICONY
Tytuł ujednolicony Geschichte der Deutschen Literatur
856 ## - LOKALIZACJA I DOSTĘP DO ELEKTRONICZNYCH DOKUMENTÓW ZDALNYCH
Link (URL) http://koha.tu.koszalin.pl/cgi-bin/koha/opac-detail.pl?biblionumber=49413
Tekst linku Katalog online BPK
942 ## - DODATKOWE ELEMENTY (KOHA)
Typ dokumentu Książka
Egzemplarze
Wycofany Status egzemplarza Uszkodzony Dostępność Lokalizacja stała Lokalizacja bieżąca Miejsce przechowywania Sygnatura Kod kreskowy Dział Typ dokumentu
      Tylko na miejscu Biblioteka Politechniki Koszalińskiej Biblioteka Politechniki Koszalińskiej Czytelnia Wydziałowa ul. Kwiatkowskiego 6e N 1060 01580525 821.112.2(091) Literatura niemiecka - historia Książka
© 2023 Biblioteka Politechniki Koszalińskiej :: KOHA